Central Library OPAC University of Rajshahi

E. M. Forster / (Record no. 55783)

MARC details
000 -LEADER
fixed length control field 00633nam a2200229 a 4500
001 - CONTROL NUMBER
control field 55783
003 - CONTROL NUMBER IDENTIFIER
rucl marc code BD-RjUl
005 - DATE AND TIME OF LATEST TRANSACTION
control field 20211209080320.0
008 - FIXED-LENGTH DATA ELEMENTS--GENERAL INFORMATION
fixed length control field 161121s1960 ilu b 001 0 eng
035 ## - SYSTEM CONTROL NUMBER
System control number (BD-RjUl)55907
040 ## - CATALOGING SOURCE
Original cataloging agency DLC
Transcribing agency DLC
Modifying agency BD-RjUl
Language of cataloging eng
041 ## - LANGUAGE CODE
Language code of text/sound track or separate title eng
082 ## - DEWEY DECIMAL CLASSIFICATION NUMBER
Edition number 23
Classification number 823.912
Author mark and year WAE 1960
100 1# - MAIN ENTRY--PERSONAL NAME
Personal name Warner, Rex
9 (RLIN) 166108
245 10 - TITLE STATEMENT
Title E. M. Forster /
Statement of responsibility, etc. Rex Warner
250 ## - EDITION STATEMENT
Edition statement New ed.
260 ## - PUBLICATION, DISTRIBUTION, ETC. (IMPRINT)
Place of publication, distribution, etc. DeKalb :
Name of publisher, distributor, etc. Northern Illinois University Press,
Date of publication, distribution, etc. 1960
300 ## - PHYSICAL DESCRIPTION
Pagination 37 p. ;
Size 25 cm
500 ## - GENERAL NOTE
General note Includes indexes
600 10 - SUBJECT ADDED ENTRY--PERSONAL NAME
Personal name Forster, E. M.
Fuller form of name (Edward Morgan),
Dates associated with a name 1879-1970.
942 ## - ADDED ENTRY ELEMENTS (KOHA)
Source of classification or shelving scheme Dewey Decimal Classification
Koha item type Books
Holdings
Lost status Source of classification or shelving scheme Damaged status Not for loan Collection code Permanent Location Current Location Shelving location Date acquired Source of acquisition Cost, normal purchase price Total Checkouts Full call number Date last seen Copy number Koha item type
  Dewey Decimal Classification     Non-fiction Central Library, University of Rajshahi Central Library, University of Rajshahi   04/04/1964 Zeitlinger 26.00   823.912 WAE 1960 21/11/2016 C-2 Books
  Dewey Decimal Classification     Non-fiction Central Library, University of Rajshahi Central Library, University of Rajshahi   04/04/1964 Zeitlinger 2.06   823.912 WAE 1960 27/11/2016 C-3 Books